Phương pháp và hình thức hỗ trợ giáo viên trẻ ở trường đại học và trường phổ thông của một số nước Châu Âu /

Na minha lista:
Detalhes bibliográficos
Autor principal: Tào Thị Hồng Vân.
Formato: Atigo
Idioma:Vietnamese
Assuntos:
Tags: Adicionar Tag
Sem tags, seja o primeiro a adicionar uma tag!
Thư viện lưu trữ: Thư viện Trường Đại học Đà Lạt
LEADER 00831nam a2200253 4500
001 DLU180188023
005 ##20181019
040 # # |a DLU  |b vie 
041 # # |a vie 
044 # # |a vn 
100 # # |a Tào Thị Hồng Vân. 
245 # # |a Phương pháp và hình thức hỗ trợ giáo viên trẻ ở trường đại học và trường phổ thông của một số nước Châu Âu /  |c Tào Thị Hồng Vân. 
653 # # |a Giáo viên trẻ 
653 # # |a Hỗ trợ 
773 # # |t Tạp chí dạy và học ngày nay  |g Số 12, 2017, tr. 5-8 
920 # # |a Phòng Tạp chí -- Trung tâm Thông tin - Thư viện Trường Đại học Đà Lạt 
994 # # |a DLU 
900 # # |a True 
911 # # |a Trần Thị Minh Hương 
925 # # |a G 
926 # # |a A 
927 # # |a BB 
980 # # |a Thư viện Trường Đại học Đà Lạt